<?xml version="1.0" encoding="UTF-8"?><marc:collection xmlns:marc="http://www.loc.gov/MARC21/slim">
  <marc:record>
    <marc:leader>02214nas a2200433 c 4500</marc:leader>
    <marc:controlfield tag="001">010060200</marc:controlfield>
    <marc:controlfield tag="003">DE-101</marc:controlfield>
    <marc:controlfield tag="005">20240228151525.0</marc:controlfield>
    <marc:controlfield tag="007">tu</marc:controlfield>
    <marc:controlfield tag="008">991118d19191967sw u||p|  ||| 1||||1||| c</marc:controlfield>
    <marc:datafield tag="016" ind1="7" ind2=" ">
      <marc:subfield code="2">DE-600</marc:subfield>
      <marc:subfield code="a">4006-X</marc:subfield>
    </marc:datafield>
    <marc:datafield tag="016" ind1="7" ind2=" ">
      <marc:subfield code="2">DE-101</marc:subfield>
      <marc:subfield code="a">010060200</marc:subfield>
    </marc:datafield>
    <marc:datafield tag="035" ind1=" " ind2=" ">
      <marc:subfield code="a">(DE-599)ZDB4006-X</marc:subfield>
    </marc:datafield>
    <marc:datafield tag="035" ind1=" " ind2=" ">
      <marc:subfield code="a">(OCoLC)183284695</marc:subfield>
    </marc:datafield>
    <marc:datafield tag="040" ind1=" " ind2=" ">
      <marc:subfield code="a">9001</marc:subfield>
      <marc:subfield code="b">ger</marc:subfield>
      <marc:subfield code="c">DE-101</marc:subfield>
      <marc:subfield code="d">9001</marc:subfield>
    </marc:datafield>
    <marc:datafield tag="042" ind1=" " ind2=" ">
      <marc:subfield code="a">zdb</marc:subfield>
    </marc:datafield>
    <marc:datafield tag="044" ind1=" " ind2=" ">
      <marc:subfield code="c">XA-SE</marc:subfield>
    </marc:datafield>
    <marc:datafield tag="082" ind1="7" ind2="4">
      <marc:subfield code="a">610</marc:subfield>
      <marc:subfield code="q">DE-600</marc:subfield>
      <marc:subfield code="2">22sdnb</marc:subfield>
    </marc:datafield>
    <marc:datafield tag="084" ind1=" " ind2=" ">
      <marc:subfield code="a">YQ 1505</marc:subfield>
      <marc:subfield code="2">rvk</marc:subfield>
    </marc:datafield>
    <marc:datafield tag="111" ind1="2" ind2=" ">
      <marc:subfield code="0">(DE-588)2697-9</marc:subfield>
      <marc:subfield code="0">https://d-nb.info/gnd/2697-9</marc:subfield>
      <marc:subfield code="0">(DE-101)000026972</marc:subfield>
      <marc:subfield code="a">Northern Pediatric Congress</marc:subfield>
      <marc:subfield code="j">Verfasser</marc:subfield>
      <marc:subfield code="4">aut</marc:subfield>
      <marc:subfield code="2">gnd</marc:subfield>
    </marc:datafield>
    <marc:datafield tag="245" ind1="1" ind2="0">
      <marc:subfield code="a">&#152;The&#156; Proceedings of the ... Northern Pediatric Congress</marc:subfield>
      <marc:subfield code="c">Northern Pediatric Association. Ed. by Arne Njå</marc:subfield>
    </marc:datafield>
    <marc:datafield tag="246" ind1="3" ind2=" ">
      <marc:subfield code="a">Proceedings</marc:subfield>
    </marc:datafield>
    <marc:datafield tag="247" ind1="0" ind2="0">
      <marc:subfield code="a">Proceedings / Northern Pediatric Congress</marc:subfield>
      <marc:subfield code="f">Hauptsacht. teils</marc:subfield>
    </marc:datafield>
    <marc:datafield tag="264" ind1="3" ind2="1">
      <marc:subfield code="a">Uppsala</marc:subfield>
      <marc:subfield code="b">Almqvist &amp; Wiksell</marc:subfield>
      <marc:subfield code="c">1919-1967</marc:subfield>
    </marc:datafield>
    <marc:datafield tag="336" ind1=" " ind2=" ">
      <marc:subfield code="a">Text</marc:subfield>
      <marc:subfield code="b">txt</marc:subfield>
      <marc:subfield code="2">rdacontent</marc:subfield>
    </marc:datafield>
    <marc:datafield tag="337" ind1=" " ind2=" ">
      <marc:subfield code="a">ohne Hilfsmittel zu benutzen</marc:subfield>
      <marc:subfield code="b">n</marc:subfield>
      <marc:subfield code="2">rdamedia</marc:subfield>
    </marc:datafield>
    <marc:datafield tag="338" ind1=" " ind2=" ">
      <marc:subfield code="a">Band</marc:subfield>
      <marc:subfield code="b">nc</marc:subfield>
      <marc:subfield code="2">rdacarrier</marc:subfield>
    </marc:datafield>
    <marc:datafield tag="362" ind1="0" ind2=" ">
      <marc:subfield code="a">1.1919 - 15.1967</marc:subfield>
    </marc:datafield>
    <marc:datafield tag="363" ind1="0" ind2="0">
      <marc:subfield code="8">1.1\x</marc:subfield>
      <marc:subfield code="a">1</marc:subfield>
      <marc:subfield code="i">1919</marc:subfield>
    </marc:datafield>
    <marc:datafield tag="363" ind1="1" ind2="0">
      <marc:subfield code="8">1.2\x</marc:subfield>
      <marc:subfield code="a">15</marc:subfield>
      <marc:subfield code="i">1967</marc:subfield>
    </marc:datafield>
    <marc:datafield tag="583" ind1="1" ind2=" ">
      <marc:subfield code="3">4.1927; 6.1934 sowie 2.1921 - 3.1924; 5.1931; 7.1938</marc:subfield>
      <marc:subfield code="a">Massenentsäuert</marc:subfield>
      <marc:subfield code="c">2020</marc:subfield>
      <marc:subfield code="5">DE-15</marc:subfield>
      <marc:subfield code="2">pdager</marc:subfield>
    </marc:datafield>
    <marc:datafield tag="591" ind1=" " ind2=" ">
      <marc:subfield code="a">F/C</marc:subfield>
    </marc:datafield>
    <marc:datafield tag="655" ind1=" " ind2="7">
      <marc:subfield code="0">(DE-588)4067488-5</marc:subfield>
      <marc:subfield code="0">https://d-nb.info/gnd/4067488-5</marc:subfield>
      <marc:subfield code="0">(DE-101)040674886</marc:subfield>
      <marc:subfield code="a">Zeitschrift</marc:subfield>
      <marc:subfield code="2">gnd-content</marc:subfield>
    </marc:datafield>
    <marc:datafield tag="655" ind1=" " ind2="7">
      <marc:subfield code="0">(DE-588)1071861417</marc:subfield>
      <marc:subfield code="0">https://d-nb.info/gnd/1071861417</marc:subfield>
      <marc:subfield code="0">(DE-101)1071861417</marc:subfield>
      <marc:subfield code="a">Konferenzschrift</marc:subfield>
      <marc:subfield code="2">gnd-content</marc:subfield>
    </marc:datafield>
    <marc:datafield tag="785" ind1="0" ind2="0">
      <marc:subfield code="i">Forts.:</marc:subfield>
      <marc:subfield code="a">Scandinavian Paediatric Congress</marc:subfield>
      <marc:subfield code="t">Proceedings of the ... Scandinavian Paediatric Congress</marc:subfield>
      <marc:subfield code="d">Stockholm : Almqvist &amp; Wiksell, 1970-1970</marc:subfield>
      <marc:subfield code="w">(DE-600)4287-0</marc:subfield>
      <marc:subfield code="w">(DE-101)010063900</marc:subfield>
    </marc:datafield>
    <marc:datafield tag="787" ind1="0" ind2="8">
      <marc:subfield code="i">4=7,Suppl.2; 5=12,4; 6=17,Suppl.1; 7=24; 8=35,Suppl.1; von</marc:subfield>
      <marc:subfield code="t">Acta paediatrica</marc:subfield>
      <marc:subfield code="d">Oxford : Wiley-Blackwell, 1921-2016</marc:subfield>
      <marc:subfield code="x">0803-5253</marc:subfield>
      <marc:subfield code="w">(DE-600)203487-6</marc:subfield>
      <marc:subfield code="w">(DE-101)011162155</marc:subfield>
    </marc:datafield>
    <marc:datafield tag="787" ind1="0" ind2="8">
      <marc:subfield code="i">9=77; 10=83; 11=103; 12=118; 13=140 von</marc:subfield>
      <marc:subfield code="t">Acta paediatrica / Supplement. Supplement</marc:subfield>
      <marc:subfield code="d">Oxford : Wiley-Blackwell, 1921-2016</marc:subfield>
      <marc:subfield code="x">0803-5326</marc:subfield>
      <marc:subfield code="w">(DE-600)203488-8</marc:subfield>
      <marc:subfield code="w">(DE-101)011162163</marc:subfield>
    </marc:datafield>
    <marc:datafield tag="787" ind1="0" ind2="8">
      <marc:subfield code="i">14=159; 15=177 von</marc:subfield>
      <marc:subfield code="t">Acta paediatrica Scandinavica / Supplement. Supplement</marc:subfield>
      <marc:subfield code="d">Uppsala : [Verlag nicht ermittelbar], 1965-1991</marc:subfield>
      <marc:subfield code="x">0300-8843</marc:subfield>
      <marc:subfield code="w">(DE-600)210377-1</marc:subfield>
      <marc:subfield code="w">(DE-101)011219866</marc:subfield>
    </marc:datafield>
    <marc:datafield tag="850" ind1=" " ind2=" ">
      <marc:subfield code="a">DE-101a</marc:subfield>
    </marc:datafield>
  </marc:record>
</marc:collection>
